[Event "Chigorin Memorial Open"]
[Site "St Petersburg RUS"]
[Date "2011.10.14"]
[Round "1.2"]
[White "Zvjaginsev, Vadim"]
[Black "Ivkina, Olga"]
[Result "1-0"]
[WhiteTitle "GM"]
[BlackTitle "WIM"]
[WhiteElo "2666"]
[BlackElo "2296"]
[WhiteFideId "4113403"]
[BlackFideId "4156820"]
[EventDate "2011.10.14"]

1. e4 e6 2. Qe2 c5 3. Nf3 Nc6 4. c3 d5 5. exd5 Qxd5 6. Na3 Nf6 7. g3 Bd6 8. Bg2
O-O 9. O-O Qh5 10. Nc4 Bc7 11. Re1 e5 12. Nfxe5 Qxe2 13. Rxe2 Nxe5 14. Nxe5 Re8
15. d4 cxd4 16. cxd4 Ng4 17. Bf4 g5 18. Bxg5 f6 19. h3 fxg5 20. hxg4 Bxg4 21.
Ree1 Bxe5 22. Rxe5 Rxe5 23. dxe5 Rd8 24. Bxb7 Rd2 25. b4 Re2 26. b5 Rxe5 27. a4
Be6 28. Bc6 Bf5 29. a5 Rc5 30. Rd1 Kg7 31. a6 Bc8 32. Rd5 Rc1+ 33. Kg2 Kf6 34.
b6 Rxc6 35. b7 Bxb7 36. axb7 Rb6 37. Rd6+ Rxd6 38. b8=Q Rd7 39. Qe8 Rf7 40. f4
gxf4 41. gxf4 a5 42. Qe5+ 1-0

[Event "Chigorin Memorial Open"]
[Site "St Petersburg RUS"]
[Date "2011.10.14"]
[Round "1.4"]
[White "Kurnosov, Igor"]
[Black "Bazeev, German"]
[Result "1/2-1/2"]
[WhiteTitle "GM"]
[WhiteElo "2648"]
[BlackElo "2291"]
[WhiteFideId "4142527"]
[BlackFideId "24119350"]
[EventDate "2011.10.14"]

1. c4 e6 2. Nc3 d5 3. d4 Be7 4. cxd5 exd5 5. Bf4 c6 6. e3 Bd6 7. Bxd6 Qxd6 8.
Bd3 Ne7 9. Qb1 Qf6 10. Nf3 Bf5 11. b4 Nd7 12. b5 Bxd3 13. Qxd3 c5 14. O-O O-O
15. Rac1 Rac8 16. Ne2 Qb6 17. Nf4 c4 18. Qa3 Rfe8 19. Rb1 Nf6 20. Rfc1 Ng6 21.
Ne2 Ne4 22. Rc2 h5 23. h3 a5 24. Nc3 Nxc3 25. Qxc3 Ne7 26. a4 Nf5 27. Ne5 Nd6
28. Qe1 Kh7 29. Qd1 Kh6 30. Qf3 f6 31. Nd7 Qc7 32. Nc5 b6 33. Na6 Qe7 34. Qxd5
Qe4 35. Qxe4 Rxe4 36. Rd1 f5 37. Nc5 bxc5 38. dxc5 Nxb5 39. axb5 Rxc5 40. b6 Rb5
41. Rd6+ g6 42. Rc6 f4 43. exf4 Rxf4 44. g3 Rd4 45. Re2 a4 46. Ra2 c3 47. Rxc3
Rxb6 48. Rca3 Rbb4 49. h4 g5 50. hxg5+ Kxg5 51. Kg2 1/2-1/2

[Event "Chigorin Memorial Open"]
[Site "St Petersburg RUS"]
[Date "2011.10.14"]
[Round "1.5"]
[White "Chigaev, Maksim"]
[Black "Khairullin, Ildar"]
[Result "1/2-1/2"]
[BlackTitle "GM"]
[WhiteElo "2289"]
[BlackElo "2642"]
[WhiteFideId "4108116"]
[BlackFideId "4151348"]
[EventDate "2011.10.14"]

1. e4 c6 2. d4 d5 3. exd5 cxd5 4. c4 Nf6 5. Nc3 e6 6. Nf3 Bb4 7. cxd5 Nxd5 8.
Bd2 Nc6 9. Bd3 Be7 10. O-O O-O 11. Re1 Bf6 12. Nxd5 exd5 13. Ne5 Qb6 14. Bc3 Be6
15. h4 g6 16. h5 Nxe5 17. dxe5 Be7 18. Qa4 Rfc8 19. Qf4 Qd8 20. Bd2 Rc6 21. Be3
a6 22. Rad1 Rac8 23. Qg3 Bh4 24. Qf4 Be7 25. Qg3 Bh4 26. Qf4 Be7 27. Qg3 1/2-1/2

[Event "Chigorin Memorial Open"]
[Site "St Petersburg RUS"]
[Date "2011.10.14"]
[Round "1.6"]
[White "Khismatullin, Denis"]
[Black "Ivakhinova, Inna"]
[Result "1-0"]
[WhiteTitle "GM"]
[BlackTitle "WIM"]
[WhiteElo "2635"]
[BlackElo "2288"]
[WhiteFideId "4142578"]
[BlackFideId "4185641"]
[EventDate "2011.10.14"]

1. d4 d5 2. c4 c6 3. Nf3 Nf6 4. e3 a6 5. Bd2 e6 6. Qc2 Nbd7 7. Nc3 Bd6 8. e4
dxe4 9. Nxe4 Nxe4 10. Qxe4 c5 11. Bd3 Nf6 12. Qh4 cxd4 13. O-O Be7 14. Rad1 Nd7
15. Qg3 O-O 16. Rfe1 Bf6 17. Ng5 g6 18. h4 Ne5 19. Rxe5 Bxe5 20. Qxe5 f6 21. Qg3
fxg5 22. Bxg5 Qe8 23. Re1 Bd7 24. h5 b5 25. c5 Rc8 26. Re5 Kg7 27. hxg6 h6 28.
Bxh6+ Kxh6 29. g7 1-0

[Event "Chigorin Memorial Open"]
[Site "St Petersburg RUS"]
[Date "2011.10.14"]
[Round "1.7"]
[White "Tsydypov, Zhamsaran"]
[Black "Matlakov, Maxim"]
[Result "1/2-1/2"]
[BlackTitle "GM"]
[WhiteElo "2288"]
[BlackElo "2630"]
[WhiteFideId "4108566"]
[BlackFideId "4168003"]
[EventDate "2011.10.14"]

1. e4 c5 2. Nf3 Nc6 3. d4 cxd4 4. Nxd4 Qb6 5. Nb3 Nf6 6. Bd3 e6 7. O-O a6 8. Be3
Qc7 9. N1d2 d5 10. Bg5 Be7 11. Bxf6 Bxf6 12. exd5 exd5 13. Re1+ Kf8 14. Qf3 Bxb2
15. Rab1 Be5 16. h3 g6 17. Qxd5 Kg7 18. Nc4 Bf6 19. Nd6 Be6 20. Rxe6 fxe6 21.
Nc5 exd5 22. Ne6+ Kh6 23. Nxc7 Raf8 24. Nxd5 Bd4 25. Ne4 Ne5 26. Rxb7 Nxd3 27.
cxd3 Rb8 28. Re7 Rhe8 29. Rxe8 Rxe8 30. Nc7 Rb8 31. Ne6 Ba7 32. g4 Rb2 33. h4
Rxa2 34. Kg2 g5 35. h5 a5 36. Kg3 Re2 37. N4xg5 Rxf2 38. d4 Bxd4 39. Ne4 Rf1 40.
Nxd4 Kg7 41. Nc5 1/2-1/2

[Event "Chigorin Memorial Open"]
[Site "St Petersburg RUS"]
[Date "2011.10.14"]
[Round "1.8"]
[White "Savchenko, Boris"]
[Black "Donskov, Anatoly"]
[Result "1/2-1/2"]
[WhiteTitle "GM"]
[WhiteElo "2630"]
[BlackElo "2286"]
[WhiteFideId "4147332"]
[BlackFideId "24143413"]
[EventDate "2011.10.14"]

1. g3 d5 2. Bg2 c5 3. c4 e6 4. Nf3 dxc4 5. Na3 Nf6 6. Nxc4 Be7 7. b3 O-O 8. Bb2
Nc6 9. Qb1 Bd7 10. Nce5 Nxe5 11. Nxe5 Qc7 12. Nxd7 Qxd7 13. d3 Nd5 14. O-O Bf6
15. Bxd5 Qxd5 16. Bxf6 gxf6 17. Qb2 Kg7 18. Rac1 b5 19. Rc3 Rfc8 20. Rfc1 Rc7
21. R1c2 Rac8 22. Qc1 Rc6 23. Qf4 R8c7 24. Rc1 a6 25. R3c2 Rc8 26. Rc3 R8c7 27.
R1c2 Rc8 28. Qc1 R8c7 29. f3 Rc8 30. Kf2 Qd4+ 31. Kf1 R8c7 32. a3 Rc8 33. Kg2
R8c7 34. Ra2 Rc8 35. a4 Qb4 36. e3 R8c7 37. Kf2 Rc8 38. axb5 axb5 39. Ke2 R8c7
40. Rac2 Rd7 41. Qa1 Rdc7 42. Kf2 Rc8 43. Ra2 R8c7 44. h4 Rd6 45. Ra8 Rcd7 46.
Ke2 Rd8 47. Ra2 R8d7 48. Rac2 Rd5 49. Qc1 Rd8 50. g4 h6 51. e4 Rd4 52. g5 fxg5
53. hxg5 c4 54. gxh6+ Kh7 55. bxc4 Qd6 56. Qg1 Rg8 57. c5 Rxg1 58. cxd6 Rxd6 59.
Rc7 Rg2+ 60. Ke3 Rxc2 61. Rxc2 Kxh6 62. Rc7 Kg6 63. Rb7 e5 64. Rxb5 f6 65. Rd5
Ra6 66. f4 exf4+ 67. Kxf4 Ra1 68. Rb5 Ra3 69. d4 Rd3 70. d5 Kf7 71. Rb7+ Kg6 72.
Ra7 Rd4 73. Ra1 Rd3 74. Rh1 Kf7 75. Rg1 Ra3 76. Rf1 Ke7 77. Kf5 Ra2 78. d6+ Kxd6
79. Kxf6 Kd7 80. e5 Rh2 81. Rd1+ Ke8 82. Rc1 Rh6+ 83. Kf5 Ra6 84. Rh1 Ke7 85.
Rh8 Rb6 86. Rh7+ Ke8 87. Rh8+ Ke7 88. Ra8 Rc6 89. Ra7+ Ke8 90. Ke4 Rb6 91. Kd4
Rc6 92. Kd3 Rc5 93. Ke4 Rc6 94. Ra5 Ke7 95. Kf5 Rb6 96. Ra8 Rc6 97. Rh8 Ra6 1/2-1/2

[Event "Chigorin Memorial Open"]
[Site "St Petersburg RUS"]
[Date "2011.10.14"]
[Round "1.10"]
[White "Sjugirov, Sanan"]
[Black "Khakimov, Timur"]
[Result "1-0"]
[WhiteTitle "GM"]
[BlackTitle "IM"]
[WhiteElo "2627"]
[BlackElo "2281"]
[WhiteFideId "4189302"]
[BlackFideId "4169115"]
[EventDate "2011.10.14"]

1. e4 c5 2. Nf3 e6 3. d4 cxd4 4. Nxd4 Nf6 5. Nc3 Nc6 6. Ndb5 d6 7. Bf4 e5 8. Bg5
a6 9. Na3 b5 10. Nd5 Qa5+ 11. Bd2 Qd8 12. c4 Nxd5 13. exd5 Nd4 14. cxb5 Be7 15.
Bd3 Bb7 16. Bc3 Bxd5 17. Bxd4 exd4 18. O-O g6 19. Qa4 O-O 20. Qxd4 Bb7 21. bxa6
Bxa6 22. Bxa6 Rxa6 23. Nc4 d5 24. Ne3 Bf6 25. Qd2 d4 26. Nc4 Qa8 27. a3 Rb8 28.
Qd3 Qb7 29. Rfd1 Qb3 30. Ne5 Qa4 31. Nd7 Rb3 32. Qc2 Rc6 33. Nc5 Rxc5 34. Qxc5
Rxb2 35. Qd5 Qc2 36. Qf3 Kg7 37. Rac1 d3 38. Rxc2 dxc2 39. Rf1 1-0

[Event "Chigorin Memorial Open"]
[Site "St Petersburg RUS"]
[Date "2011.10.14"]
[Round "1.11"]
[White "Turikov, Viktor"]
[Black "Kuzubov, Yuriy"]
[Result "0-1"]
[WhiteTitle "FM"]
[BlackTitle "GM"]
[WhiteElo "2279"]
[BlackElo "2623"]
[WhiteFideId "4107810"]
[BlackFideId "14112906"]
[EventDate "2011.10.14"]

1. e3 d5 2. Nc3 Nf6 3. Nf3 g6 4. d4 Bg7 5. Bd3 O-O 6. O-O c5 7. a3 Nbd7 8. b3 b6
9. Bb2 Bb7 10. Qe2 Rc8 11. Ba6 Qc7 12. Bxb7 Qxb7 13. Rfd1 a6 14. Ne5 e6 15. Nxd7
Nxd7 16. Rab1 b5 17. Qd2 Rc7 18. Ne2 c4 19. Bc3 Rfc8 20. Ba5 Rc6 21. a4 cxb3 22.
cxb3 Rc2 23. Qd3 b4 24. Rdc1 Rxc1+ 25. Rxc1 Rxc1+ 26. Nxc1 Nb8 27. Qc2 Nc6 28.
Qc5 Bf8 29. Qb6 Nxa5 30. Qxa5 Qc6 31. Ne2 Qc2 32. Ng3 Qxb3 33. Qxa6 Qa2 34. Qb5
b3 35. a5 b2 0-1

[Event "Chigorin Memorial Open"]
[Site "St Petersburg RUS"]
[Date "2011.10.14"]
[Round "1.12"]
[White "Kokarev, Dmitry"]
[Black "Tarasova, Viktoriya"]
[Result "1-0"]
[WhiteTitle "GM"]
[BlackTitle "WIM"]
[WhiteElo "2619"]
[BlackElo "2275"]
[WhiteFideId "4132181"]
[BlackFideId "4175840"]
[EventDate "2011.10.14"]

1. e4 e5 2. Nf3 Nc6 3. Bb5 a6 4. Ba4 Nf6 5. O-O Be7 6. Re1 b5 7. Bb3 d6 8. c3
O-O 9. h3 Nb8 10. d4 Nbd7 11. Nbd2 Bb7 12. Bc2 Re8 13. Nf1 Bf8 14. Ng3 g6 15. a4
c6 16. Bg5 h6 17. Be3 Bg7 18. Qd2 Kh7 19. Bd3 Qc7 20. dxe5 dxe5 21. c4 bxc4 22.
Bxc4 Nf8 23. Qb4 Ne6 24. Bb6 Qb8 25. Rad1 Bc8 26. Ba5 Qxb4 27. Bxb4 Nd7 28. Bc3
c5 29. h4 Re7 30. Rd6 Nd4 31. h5 Nf8 32. Nh4 Nfe6 33. Rb6 Raa7 34. hxg6+ fxg6
35. Nhf5 Reb7 36. Rxb7 Bxb7 37. Bxe6 Nxe6 38. Nxg7 Nxg7 39. Bxe5 Bc6 40. a5 Ne6
41. Rc1 Rb7 42. f3 Ba4 43. Nf1 Rd7 44. Kf2 g5 45. Ne3 Kg6 46. Nc4 Bb3 47. Ke3 h5
48. g3 Kh6 49. Nd6 1-0

[Event "Chigorin Memorial Open"]
[Site "St Petersburg RUS"]
[Date "2011.10.14"]
[Round "1.13"]
[White "Mikheev, Stanislav"]
[Black "Aleksandrov, Aleksej"]
[Result "0-1"]
[WhiteTitle "IM"]
[BlackTitle "GM"]
[WhiteElo "2271"]
[BlackElo "2618"]
[WhiteFideId "4135920"]
[BlackFideId "13500139"]
[EventDate "2011.10.14"]

1. d4 d5 2. c4 e6 3. Nf3 Nf6 4. g3 dxc4 5. Bg2 a6 6. O-O Nc6 7. e3 Bd7 8. Qe2 b5
9. b3 cxb3 10. axb3 Be7 11. Bb2 O-O 12. Rc1 Nd5 13. Nbd2 a5 14. Ne4 a4 15. bxa4
Na5 16. axb5 Nb3 17. Rxa8 Nxc1 18. Bxc1 Qxa8 19. Ne5 Qa1 20. Nxd7 Qxc1+ 21. Qf1
Qxf1+ 22. Bxf1 Ra8 23. Nec5 Ra1 24. Kg2 Rc1 25. Bd3 g5 26. g4 Kg7 27. Ne4 h6 28.
Kf3 Bb4 29. Ng3 Bd6 30. h3 Rc3 31. Bf1 Bxg3 32. Kxg3 f5 33. gxf5 exf5 34. Kh2 f4
35. exf4 Nxf4 36. Ne5 h5 37. Nc4 Nxh3 0-1

[Event "Chigorin Memorial Open"]
[Site "St Petersburg RUS"]
[Date "2011.10.14"]
[Round "1.14"]
[White "Andriasian, Zaven"]
[Black "Goikhman, Valentin"]
[Result "1-0"]
[WhiteTitle "GM"]
[WhiteElo "2615"]
[BlackElo "2261"]
[WhiteFideId "13302000"]
[BlackFideId "2806800"]
[EventDate "2011.10.14"]

1. e4 Nf6 2. e5 Nd5 3. d4 d6 4. Nf3 dxe5 5. Nxe5 c6 6. c4 Nb4 7. Be3 Bf5 8. Na3
e6 9. g4 Be4 10. f3 f6 11. Nf7 Bxf3 12. Nxd8 Bxd1 13. Nxe6 Bf3 14. Rg1 N8a6 15.
Rg3 Be4 16. Bd2 Kf7 17. Nxf8 Rhxf8 18. Rb3 c5 19. dxc5 Nc6 20. Rxb7+ Kg6 21. b4
Ne5 22. Re7 Rfe8 23. Rxe8 Rxe8 24. O-O-O Nxg4 25. Be2 Ne5 26. Rg1+ Kf7 27. Nb5 1-0

[Event "Chigorin Memorial Open"]
[Site "St Petersburg RUS"]
[Date "2011.10.14"]
[Round "1.15"]
[White "Korchmar, Vasiliy"]
[Black "Volkov, Sergey"]
[Result "0-1"]
[BlackTitle "GM"]
[WhiteElo "2253"]
[BlackElo "2614"]
[WhiteFideId "24131750"]
[BlackFideId "4122763"]
[EventDate "2011.10.14"]

1. d4 d5 2. c4 c6 3. Nf3 Nf6 4. Nc3 a6 5. e3 b5 6. b3 Bg4 7. Be2 e6 8. O-O Nbd7
9. h3 Bf5 10. Bd3 Bg6 11. Qc2 Be7 12. Bb2 O-O 13. Bxg6 hxg6 14. Nd2 Qb8 15. e4
dxe4 16. Ndxe4 Nxe4 17. Nxe4 Nf6 18. Rfe1 Nxe4 19. Rxe4 Bf6 20. Rd1 Rd8 21. Bc1
Qb7 22. Rg4 Rd7 23. Bg5 Rad8 24. Bxf6 gxf6 25. Qc1 Kg7 26. Rh4 g5 27. Rg4 bxc4
28. bxc4 e5 29. h4 Rxd4 30. Rdxd4 Rxd4 31. Rxd4 exd4 32. hxg5 Qe7 33. Qf4 c5 34.
gxf6+ Qxf6 35. Qg3+ Kh6 36. Qh3+ Kg6 37. Qg3+ Qg5 38. Qd6+ Kg7 39. f4 Qf5 40.
Kf2 Qc2+ 41. Kf3 Qd3+ 42. Kf2 Qe3+ 43. Kf1 d3 44. f5 d2 0-1

[Event "Chigorin Memorial Open"]
[Site "St Petersburg RUS"]
[Date "2011.10.14"]
[Round "1.18"]
[White "Rakhmanov, Aleksandr"]
[Black "Harshkou, Mikita"]
[Result "1-0"]
[WhiteTitle "GM"]
[WhiteElo "2592"]
[BlackElo "2248"]
[WhiteFideId "4173708"]
[BlackFideId "13504770"]
[EventDate "2011.10.14"]

1. d4 e6 2. e4 d5 3. exd5 exd5 4. c4 dxc4 5. Bxc4 Nf6 6. Nc3 Bd6 7. Nf3 O-O 8.
O-O Bg4 9. h3 Bh5 10. g4 Bg6 11. Ne5 Ne4 12. Nxg6 Nxc3 13. bxc3 hxg6 14. Qf3 c6
15. Rb1 Qc7 16. h4 Nd7 17. Re1 b5 18. Bb3 c5 19. h5 c4 20. Bc2 gxh5 21. Rxb5
hxg4 22. Qh1 g6 23. Rh5 gxh5 24. Qxh5 f5 25. Qg5+ Kh8 26. Re6 Rf6 27. Rxf6 Nxf6
28. Qxf6+ Kg8 29. Qg6+ Kh8 30. Bxf5 Bf8 31. Bf4 1-0

[Event "Chigorin Memorial Open"]
[Site "St Petersburg RUS"]
[Date "2011.10.14"]
[Round "1.19"]
[White "Usmanov, Vasily"]
[Black "Jumabayev, Rinat"]
[Result "0-1"]
[BlackTitle "GM"]
[WhiteElo "2238"]
[BlackElo "2589"]
[WhiteFideId "4135741"]
[BlackFideId "13702661"]
[EventDate "2011.10.14"]

1. d4 Nf6 2. c4 e6 3. Nf3 b6 4. a3 Ba6 5. Qc2 Bb7 6. Nc3 c5 7. d5 exd5 8. cxd5
Nxd5 9. Nxd5 Bxd5 10. e4 Be6 11. Bf4 Be7 12. Bd3 Nc6 13. O-O Bg4 14. Qa4 Bxf3
15. gxf3 Nd4 16. Kg2 O-O 17. Ba6 Bg5 18. Be5 Ne6 19. Rad1 Bf4 20. Bxf4 Nxf4+ 21.
Kh1 Qf6 22. Qxd7 Qxb2 23. Qf5 Qxa3 24. Qxf4 Qxa6 25. Rg1 g6 26. Qf6 Qc4 27. Rd5
Rae8 28. h4 Rxe4 29. Rh5 Qe6 0-1

[Event "Chigorin Memorial Open"]
[Site "St Petersburg RUS"]
[Date "2011.10.14"]
[Round "1.20"]
[White "Burmakin, Vladimir"]
[Black "Semenova, Irina"]
[Result "1-0"]
[WhiteTitle "GM"]
[BlackTitle "WGM"]
[WhiteElo "2588"]
[BlackElo "2236"]
[WhiteFideId "4105109"]
[BlackFideId "4118367"]
[EventDate "2011.10.14"]

1. d4 Nf6 2. g3 g6 3. Bg2 Bg7 4. e4 d6 5. Nc3 O-O 6. Nge2 e5 7. h3 h5 8. Be3 c6
9. a4 Be6 10. Qd2 Na6 11. O-O Qc8 12. Kh2 Kh7 13. f4 h4 14. g4 exf4 15. Bxf4 d5
16. e5 Nd7 17. Rae1 Nc7 18. Nd1 Rh8 19. Bg5 Kg8 20. Nf4 Nf8 21. Qf2 Qd7 22. Ne3
Re8 23. c3 Bh6 24. Bxh6 Rxh6 25. g5 Rh7 26. Nxe6 Qxe6 27. Ng4 Nd7 28. Nh6+ Kf8
29. Qxh4 Qe7 30. Qg4 Ne6 31. h4 Rb8 32. Bh3 Ke8 33. Nxf7 Ndf8 34. Nd6+ Kd8 35.
Rf6 Kc7 36. Ref1 Kb6 37. a5+ Kxa5 38. Rf7 Rxf7 39. Rxf7 Qd8 40. Nxb7+ Rxb7 41.
Rxb7 Ka6 42. Rb4 c5 43. dxc5 d4 44. Bf1+ 1-0

[Event "Chigorin Memorial Open"]
[Site "St Petersburg RUS"]
[Date "2011.10.14"]
[Round "1.21"]
[White "Valov, Ilya"]
[Black "Papin, Vasily"]
[Result "1/2-1/2"]
[WhiteTitle "FM"]
[BlackTitle "GM"]
[WhiteElo "2234"]
[BlackElo "2583"]
[WhiteFideId "4199251"]
[BlackFideId "4143183"]
[EventDate "2011.10.14"]

1. d4 d5 2. Nf3 Nf6 3. c4 e6 4. Nc3 c6 5. cxd5 exd5 6. Bf4 Bf5 7. a3 a5 8. e3
Bd6 9. Bxd6 Qxd6 10. Bd3 Bxd3 11. Qxd3 Nbd7 12. O-O O-O 13. b3 Rfe8 14. Qc2 Qe7
15. Rfb1 Ne4 16. Nxe4 dxe4 17. Nd2 c5 18. dxc5 Nxc5 19. Rd1 b5 20. b4 axb4 21.
axb4 Na4 22. Qb3 Qe5 23. Rdc1 Rad8 24. Nc4 Qf6 25. Na5 Rd2 26. Rf1 Rb2 27. Qd5
Rxb4 28. Nc6 Rb2 29. Qd7 Qe6 30. Qxe6 Rxe6 31. Nd4 Ra6 32. Rfc1 g6 33. g4 Kg7
34. g5 h6 35. h4 hxg5 36. hxg5 Ra7 37. Rcb1 Rxb1+ 38. Rxb1 Nc3 39. Nxb5 Nxb1 40.
Nxa7 Nd2 41. f4 exf3 42. Kf2 Ne4+ 43. Kxf3 Nxg5+ 44. Kg4 Kh6 45. Nc6 f5+ 46. Kf4
Nh3+ 47. Kg3 Ng5 48. Kf4 Ne6+ 49. Ke5 Nc5 50. Kf4 Kg7 51. Ne7 Kf6 52. Ng8+ Kg7
53. Ne7 Kf6 54. Ng8+ Ke6 55. Kg5 Kf7 56. Nh6+ Kg7 57. Nxf5+ gxf5 58. Kxf5 Kf7
59. Ke5 1/2-1/2

[Event "Chigorin Memorial Open"]
[Site "St Petersburg RUS"]
[Date "2011.10.14"]
[Round "1.22"]
[White "Bocharov, Dmitry"]
[Black "Pashinsky, Mikhail"]
[Result "1-0"]
[WhiteTitle "GM"]
[WhiteElo "2582"]
[BlackElo "2228"]
[WhiteFideId "4138716"]
[BlackFideId "4152450"]
[EventDate "2011.10.14"]

1. d4 Nc6 2. Nf3 d6 3. e4 Nf6 4. Nc3 Bg4 5. Bb5 a6 6. Bxc6+ bxc6 7. h3 Bh5 8.
Bg5 Qb8 9. Qd3 e6 10. O-O-O d5 11. Rhe1 Bg6 12. Ne5 Qb7 13. Qf3 Rb8 14. b3 Bb4
15. Bxf6 gxf6 16. Qxf6 Rg8 17. Re3 Be7 18. Qf4 Bh5 19. Rg3 Rxg3 20. Qxg3 Bf6 21.
Qg8+ Ke7 22. Qxb8 1-0

[Event "Chigorin Memorial Open"]
[Site "St Petersburg RUS"]
[Date "2011.10.14"]
[Round "1.23"]
[White "Zakharchenko, Arnold"]
[Black "Vorobiov, Evgeny E."]
[Result "0-1"]
[WhiteTitle "IM"]
[BlackTitle "GM"]
[WhiteElo "2225"]
[BlackElo "2581"]
[WhiteFideId "14103745"]
[BlackFideId "4121341"]
[EventDate "2011.10.14"]

1. d4 Nf6 2. c4 e6 3. Nf3 d5 4. Nc3 dxc4 5. e4 Bb4 6. Bxc4 Nxe4 7. O-O Nxc3 8.
bxc3 Be7 9. d5 exd5 10. Bxd5 c6 11. Be4 Qxd1 12. Rxd1 O-O 13. Rb1 Na6 14. Nd4
Nc5 15. Bf3 Na4 16. Bd2 Bf6 17. g3 Rd8 18. Be1 Nc5 19. Kg2 Bd7 20. Nb3 Nxb3 21.
Rxb3 Rab8 22. c4 Be6 23. Rxd8+ Bxd8 24. Bxc6 Bxc4 25. Rxb7 Rxb7 26. Bxb7 Bxa2
27. Bc3 f6 28. f4 Kf7 29. g4 a5 30. Kf3 a4 31. Ke4 f5+ 32. gxf5 a3 33. Bc8 Bf6 0-1

[Event "Chigorin Memorial Open"]
[Site "St Petersburg RUS"]
[Date "2011.10.14"]
[Round "1.24"]
[White "Deviatkin, Andrei"]
[Black "Bondarenko, Alexander"]
[Result "1-0"]
[WhiteTitle "GM"]
[BlackTitle "FM"]
[WhiteElo "2580"]
[BlackElo "2224"]
[WhiteFideId "4121260"]
[BlackFideId "14126109"]
[EventDate "2011.10.14"]

1. e4 c5 2. Nf3 Nc6 3. Bb5 e6 4. O-O Nge7 5. c3 a6 6. Ba4 b5 7. Bc2 d5 8. a4 b4
9. a5 Bd7 10. d4 cxd4 11. Nxd4 Rb8 12. Bf4 Nxd4 13. Qxd4 Rb7 14. Nd2 Bb5 15.
Rfd1 Nc6 16. Qe3 d4 17. Qg3 bxc3 18. bxc3 d3 19. Ba4 Bxa4 20. Rxa4 f6 21. h4 e5
22. Be3 Bd6 23. Bb6 Bc7 24. Qxg7 Rf8 25. Bc5 Ne7 26. Nc4 Rf7 27. Qh8+ Rf8 28.
Qxh7 Rf7 29. Qh8+ Rf8 30. Qh5+ Rf7 31. Qf3 f5 32. Rxd3 Rb1+ 33. Kh2 Qc8 34. Bxe7
fxe4 35. Qxe4 Kxe7 36. Ne3 Rxf2 37. Rc4 Rf4 38. Nd5+ Kf8 39. Nxf4 exf4 40. Rd6
f3 41. Qf4+ Kg8 42. Qg5+ 1-0

[Event "Chigorin Memorial Open"]
[Site "St Petersburg RUS"]
[Date "2011.10.14"]
[Round "1.25"]
[White "Martynov, Pavel2"]
[Black "Smirnov, Pavel"]
[Result "0-1"]
[BlackTitle "GM"]
[WhiteElo "2223"]
[BlackElo "2580"]
[WhiteFideId "4122186"]
[BlackFideId "4123425"]
[EventDate "2011.10.14"]

1. d4 Nf6 2. c4 e6 3. Nc3 Bb4 4. e3 O-O 5. Ne2 c6 6. a3 Ba5 7. Ng3 d5 8. Bd3 c5
9. O-O cxd4 10. exd4 dxc4 11. Bxc4 Nc6 12. Be3 Bb6 13. d5 Bxe3 14. fxe3 Ne5 15.
Ba2 Nfg4 16. Rf4 Nxe3 17. Qe2 Nxd5 18. Qxe5 Nxf4 19. Qxf4 Qb6+ 20. Qf2 Qxf2+ 21.
Kxf2 Bd7 22. Nge4 Rfd8 23. Ke3 Bc6 24. Rf1 Rd7 25. Bc4 Rad8 26. a4 Rd4 27. b3 h6
28. h4 a6 29. a5 Bb5 30. Nxb5 axb5 31. Bxb5 R4d5 32. Nc3 Re5+ 33. Kf4 Rc5 34.
Bc4 Rxa5 35. Ke4 g5 36. h5 Kg7 37. g4 f5+ 38. Kf3 Re5 39. Nb5 Rd2 40. Nc7 Kf6
41. Nxe6 b5 42. gxf5 bxc4 0-1

[Event "Chigorin Memorial Open"]
[Site "St Petersburg RUS"]
[Date "2011.10.14"]
[Round "1.26"]
[White "Maletin, Pavel"]
[Black "Vunder, Yakov"]
[Result "1/2-1/2"]
[WhiteTitle "GM"]
[WhiteElo "2579"]
[BlackElo "2221"]
[WhiteFideId "4146786"]
[BlackFideId "4161955"]
[EventDate "2011.10.14"]

1. c4 c5 2. Nf3 g6 3. g3 Bg7 4. Bg2 Nc6 5. Nc3 e5 6. O-O Nge7 7. a3 O-O 8. Rb1
a5 9. Ne1 d6 10. Nc2 Be6 11. Ne3 Rb8 12. d3 f5 13. Ned5 Bf7 14. Bd2 b6 15. b4
axb4 16. axb4 cxb4 17. Nxe7+ Nxe7 18. Nb5 d5 19. Bxb4 dxc4 20. dxc4 Bf6 21. Bd6
Rc8 22. c5 e4 23. Na7 Rxc5 24. Bxc5 bxc5 25. Qc2 Qa5 26. Nb5 Ba2 27. Rbc1 c4 28.
Nd6 Qa6 29. Nb7 Bb3 30. Nc5 Qb5 31. Nxb3 cxb3 32. Qc5 Qxc5 33. Rxc5 b2 34. Rb5
Rc8 35. f3 e3 36. f4 Rc1 37. Rb3 Nc8 38. Bd5+ Kf8 39. Rb8 Ke7 40. Rb7+ Kd8 41.
Ba2 Nd6 42. Rb4 Ne4 43. Rxe4 fxe4 44. Bb1 Bc3 45. Bxe4 Be1 46. Kg2 b1=Q 47. Bxb1
Rxb1 48. Kf3 Rc1 49. Kxe3 Bd2+ 50. Kf2 Be3+ 51. Kg2 Rxf1 52. Kxf1 Kd7 53. Kg2
Kd6 54. Kf3 Bc1 55. e4 Kc5 56. Kg4 Kd4 57. e5 h6 58. h4 Kd5 59. h5 g5 60. Kf5
gxf4 61. gxf4 Bd2 62. Kg4 Ke6 63. f5+ Kxe5 64. Kf3 Kxf5 1/2-1/2

[Event "Chigorin Memorial Open"]
[Site "St Petersburg RUS"]
[Date "2011.10.14"]
[Round "1.27"]
[White "Shurunov, Arseny"]
[Black "Kovalenko, Igor"]
[Result "0-1"]
[WhiteTitle "FM"]
[BlackTitle "IM"]
[WhiteElo "2219"]
[BlackElo "2578"]
[WhiteFideId "24111570"]
[BlackFideId "14117908"]
[EventDate "2011.10.14"]

1. d4 Nf6 2. c4 e6 3. Nf3 b6 4. g3 Ba6 5. Qa4 Be7 6. Bg2 O-O 7. Nc3 c6 8. O-O d5
9. Ne5 b5 10. cxb5 cxb5 11. Qd1 b4 12. Na4 Nfd7 13. Nxd7 Nxd7 14. Re1 Rc8 15.
Bf4 Bb5 16. b3 Qa5 17. Nb2 Qb6 18. Bf3 Bf6 19. Be3 Nb8 20. Qd2 Nc6 21. Red1 h6
22. Kg2 a5 23. Rac1 Ne7 24. Bg4 Rc6 25. Rxc6 Nxc6 26. h4 Rc8 27. Rc1 Ra8 28. Rc5
Be7 29. Rc2 a4 30. bxa4 Bxa4 31. Nxa4 Rxa4 32. Qc1 Ra6 33. h5 Kh7 34. Qb1 Kg8
35. Qc1 Bf6 36. Qb1 Qb7 37. Rb2 Qa7 38. Rd2 Ra3 39. Bf3 Rc3 40. Qd1 Qa3 41. Qb1
Rc1 42. Qd3 Qxd3 43. Rxd3 Rc4 44. a3 Bxd4 45. axb4 Bxe3 46. Rxe3 Rxb4 47. Rc3
Rb6 48. Rc5 f5 49. g4 fxg4 50. Bxg4 Kf7 51. f4 Kf6 52. e3 Ne7 53. Rc7 Rb4 54.
Rd7 Re4 55. Kf3 Nc6 56. Rc7 Na5 57. Kf2 Nc4 58. Be2 Rxe3 59. Bf3 Ra3 60. f5 Ne5 0-1